5HLuxD.jpg

KING HENRY VIII SENIOR AND PRIMARY SCHOOL LIBRARY OPAC

Ember Shadows and the FATES OF MOUNT NEVER (Record no. 5841)

000 -LEADER
fixed length control field 00958nam a22002177a 4500
005 - DATE AND TIME OF LATEST TRANSACTION
control field 20251118114456.0
008 - FIXED-LENGTH DATA ELEMENTS--GENERAL INFORMATION
fixed length control field 251118b ||||| |||| 00| 0 eng d
040 ## - CATALOGING SOURCE
Transcribing agency KH8
082 ## - DEWEY DECIMAL CLASSIFICATION NUMBER
Classification number 823.92 KIN
100 ## - MAIN ENTRY--PERSONAL NAME
Personal name King,Rebecca
Relator term Author
245 ## - TITLE STATEMENT
Title Ember Shadows and the FATES OF MOUNT NEVER
260 ## - PUBLICATION, DISTRIBUTION, ETC.
Place of publication, distribution, etc. Carmelite House, 50 Victoria Embankment,London EC4Y 0DZ
Name of publisher, distributor, etc. Orion Children's Books
Date of publication, distribution, etc. 2022
300 ## - PHYSICAL DESCRIPTION
Extent 287 page
Other physical details illustration
Dimensions 12 cm x 19 cm
520 ## - SUMMARY, ETC.
Summary, etc. In a land trapped by fate, only courage can re-write the future. In the magical village of Everspring, everyone receives a fate card before their twelfth birthday, sent down from the mysterious Mount Never. It tells them their purpose, their profession and how old they'll be when they die.
521 ## - TARGET AUDIENCE NOTE
Target audience note Ages 11 above
650 ## - SUBJECT ADDED ENTRY--TOPICAL TERM
Source of heading or term Juvenile Fiction
655 ## - INDEX TERM--GENRE/FORM
Source of term Juvenile Fiction
Genre/form data or focus term Mystery
655 ## - INDEX TERM--GENRE/FORM
Source of term Juvenile Fiction
Genre/form data or focus term Explore
655 ## - INDEX TERM--GENRE/FORM
Source of term Juvenile Fiction
Genre/form data or focus term Adventure
942 ## - ADDED ENTRY ELEMENTS (KOHA)
Source of classification or shelving scheme
Koha item type Books - Fiction
Holdings
Withdrawn status Lost status Source of classification or shelving scheme Damaged status Not for loan Collection code Permanent Location Current Location Shelving location Date acquired Total Checkouts Full call number Barcode Date last seen Date last checked out Price effective from Koha item type Public note
          Fiction KH8 Primary School Library KH8 Primary School Library Fiction 2025-11-18 2 823.92 KIN KHPL000007397 2026-03-04 2026-02-25 2025-11-18 Books - Fiction PRIMARY LIBRARY

Powered By KH8 IT Dept